| 000 | 00519nam a22001695i 4500 | ||
|---|---|---|---|
| 001 | 53203 | ||
| 003 | ES-MaACL | ||
| 005 | 20230906162726.0 | ||
| 007 | t| | ||
| 008 | 950915s1896 fr ||||1| fre d | ||
| 040 |
_aCAM _bspa _cCAM |
||
| 100 | 1 |
_aDumas, Jacques. _945988 |
|
| 245 | 1 | 4 |
_aLes lois ouvrières devant le parlement anglais / _cpar Jacques Dumas. |
| 260 |
_aParis : _bLibrairie de la Société du Recueil Gal. des Lois et des Arrèts, _c1896. |
||
| 300 |
_a74 p. ; _c26 cm. |
||
| 852 |
_aES-MaACL _jT-1098-F-8 |
||
| 999 |
_c53203 _d53203 |
||